00897cam a22002411 450000100060000000300080000600500170001400800410003103500190007204000270009104100080011808200250012624500850015126000520023630000390028850400390032765000340036665100400040070000270044094200120046799900170047995201590049632971BD-RjUL20211209051926.0140429s1966 njub b 000 0 eng d a(BD-RjUL)33061 aDLCcDLCdBD-RjULbeng aeng00a909.09767bMUS 196614aThe Muslim world on the eve of Europe's expansion /cedited by John J. Saunders. aEnglewood Cliffs, N.J. :bPrentice-Hall,c1966. axi, 146 p. :bfold. map. ;c21 cm. aIncludes Bibliography: p. 144-146. 0aIslamic civilization.9100200 0aIslamic countriesxHistory.9100201 aSaunders, J. J.983055 2ddccBK c32971d32971 00102ddc40718NFICaRUCLbRUCLcReadingd1971-01-18eMd. Mohidullah Siddique g10.75l0o909.09767 MUS 1966r2014-04-29 00:00:00tC-1w2014-04-29yBK